Série A_F - Statistiques

Statistiques générales
  • Ce quiz a été pris 14 fois
  • Le résultat moyen est 3 sur 11
Statistiques - réponses
Par images Réponse % Correct
Prison Break
100%
the walking dead
83%
Top boy
25%
Rookie
17%
Cobra kai
8%
Good doctor
8%
Ni una mas
8%
On my bloc
8%
Greenleaf
0%
Rebelde
0%
Xo kitty
0%
Aucun quiz correspondant
Distribution des résultats
% des personnes avec chaque résultat
Percentile par nombre de réponses
Votre historique - résultats
Vous n’avez pas pris ce quiz